Prípad Gorgonová

Podrobná bibliografia
Hlavný autor: Macek, Václav (Autor)
Médium: Článok
Jazyk:slovenčina
Fyzický popis:Obr. 1.
Predmet:

MARC

LEADER 00000nab a2200000 a 4500
001 vtls000059320
003 SK-MaSNL
005 20260304063725.0
008 250422c1980 xo 0 slo
015 |a SNBRB19rr/mm-uuuuu 
035 |a CL0069420 
035 |a urn:nbn:sk:snk-abdkh4 
035 |a (urnnbn)urn:nbn:sk:snk:ar-00169c 
035 |a (uuid)99c4338b-0df5-4535-aeec-e859323f4e08 
040 |a SNKBUCL  |b slo  |c SNKBUCL  |e AACR2 
041 0 |a slo 
044 |a xo  |c SK 
080 |a 791.4  |2 1981 
100 1 |a Macek, Václav  |4 aut  |9 268571 
245 1 0 |a Prípad Gorgonová  |c Václav Macek 
300 |b Obr. 1. 
630 0 7 |a Prípad Gorgonová (film)  |2 snkbucl  |9 1350509 
650 0 7 |a poľské filmy  |2 snkbucl  |9 380400 
655 7 |a recenzie  |2 snkbucl  |9 21907 
655 7 |a články z novín a časopisov  |2 snkbucl  |9 267496 
773 0 |t Film a divadlo  |g Roč. 24, č. 8 (1980), s. 17 
850 |a Slovenská národná knižnica 
852 |a Slovenská národná knižnica 
954 |a odborná, vedecká literatúra pôvodná (slovenská)  |2 lita 
958 |a article19 
958 |a OND 
958 |a RK 
958 |a PL 
958 |a EUIPO 
992 |a RBX 
999 |c 2743870  |d 2745800